[Event "World Amateur-ch (Women)"]
[Site "Chalkidiki"]
[Date "2015.04.16"]
[Round "4"]
[White "Gitu, Paula Alexandra"]
[Black "Mc Roberts, Holly J"]
[Result "1-0"]
[WhiteElo "1868"]
[BlackElo "1733"]
[PlyCount "71"]
[EventDate "2015.04.14"]
[EventType "team-swiss"]
[EventRounds "9"]
[EventCountry "GRE"]
[SourceTitle "CBM 166 Extra"]
[Source "ChessBase"]
[SourceDate "2015.06.18"]
[SourceVersion "1"]
[SourceVersionDate "2015.06.18"]
[SourceQuality "1"]

1. e4 c5 2. Nf3 d6 3. Bb5+ Bd7 4. Bxd7+ Qxd7 5. c4 b5 6. cxb5 Qxb5 7. Nc3 Qd3 8. Qa4+ Nd7 9. Nd5 Rb8 10. Ng5 e6 11. Ne3 Nh6 12. Qc4 Ne5 13. Qa4+ Rb5 14. Qxa7 Be7 15. Qa8+ Bd8 16. Nh3 0-0 17. Nf4 Qd4 18. 0-0 Bg5 19. Qa6 Bxf4 20. Qxb5 Qxe4 21. f3 Qg6 22. Qe2 Bxe3+ 23. dxe3 Nd3 24. e4 c4 25. a4 f5 26. a5 Qe8 27. Qc2 d5 28. Bxh6 gxh6 29. b3 Qb5 30. bxc4 Qc5+ 31. Kh1 fxe4 32. h3 dxc4 33. fxe4 Nf2+ 34. Kh2 Qe3 35. Rae1 Qf4+ 36. Kg1 1-0